000
00295nam a22000977a 4500
999
_c
11663
_d
11663
008
191122b ||||| |||| 00| 0 eng d
020
_a
9789332421806
100
_a
Sharma Prasad Ganga
_9
7365
245
_a
Alladin and 14 other stories from Arabian Nights
260
_a
New Delhi
_b
Paper Clip Books
_c
2018